Die uneheliche Mutterschaft im altösterreichischen Polizeirecht des 16. bis 18. Jahrhunderts: dargestellt am Tatbestand der Fornication
| Autor principal: | |
|---|---|
| Tipo de documento: | Print Libro |
| Lenguaje: | Alemán |
| Publicado: |
Berlin
Duncker & Humblot
1988
|
| En: |
Schriften zur Rechtsgeschichte (42)
Año: 1988 |
| Acceso en línea: |
Contenido |
| Disponibilidad en Tübingen: | Disponible en Tübingen. IFK: F VII 84 |
| Verificar disponibilidad: | HBZ Gateway |
| Servicio de pedido Subito: | Pedir ahora. |
| Palabras clave: |
MARC
| LEADER | 00000cam a2200000 c 4500 | ||
|---|---|---|---|
| 001 | 272324523 | ||
| 003 | DE-627 | ||
| 005 | 20250628162644.0 | ||
| 007 | tu | ||
| 008 | 880613s1988 gw ||||| 00| ||ger c | ||
| 015 | |a 88,N13,0166 |2 dnb | ||
| 015 | |a 88,A23,0421 |2 dnb | ||
| 016 | 7 | |a 880375922 |2 DE-101 | |
| 020 | |a 3428063171 |9 3-428-06317-1 | ||
| 035 | |a (DE-627)272324523 | ||
| 035 | |a (DE-576)014178354 | ||
| 035 | |a (DE-599)GBV272324523 | ||
| 035 | |a (OCoLC)230931271 | ||
| 040 | |a DE-627 |b ger |c DE-627 |e rakwb | ||
| 041 | |a ger | ||
| 044 | |c XA-DE | ||
| 050 | 0 | |a KJJ4184 | |
| 084 | |a 19 |a 20 |a 64 |2 sdnb | ||
| 084 | |a PW 8200 |2 rvk |0 (DE-625)rvk/140950: | ||
| 084 | |a PW 4200 |2 rvk |0 (DE-625)rvk/140920: | ||
| 084 | |a LB 44160 |2 rvk |0 (DE-625)rvk/90559:821 | ||
| 084 | |a LB 79160 |2 rvk |0 (DE-625)rvk/90597:821 | ||
| 100 | 1 | |a Ellrichshausen, Egon C. |0 (DE-627)123484365X |0 (DE-576)164843655 |4 aut | |
| 109 | |a Ellrichshausen, Egon C. |a Ellrichshausen, Egon Conrad | ||
| 245 | 1 | 4 | |a Die uneheliche Mutterschaft im altösterreichischen Polizeirecht des 16. bis 18. Jahrhunderts |b dargestellt am Tatbestand der Fornication |c von Egon Conrad Ellrichshausen |
| 264 | 1 | |a Berlin |b Duncker & Humblot |c 1988 | |
| 300 | |a 156 S. | ||
| 336 | |a Text |b txt |2 rdacontent | ||
| 337 | |a ohne Hilfsmittel zu benutzen |b n |2 rdamedia | ||
| 338 | |a Band |b nc |2 rdacarrier | ||
| 490 | 1 | |a Schriften zur Rechtsgeschichte |v 42 | |
| 500 | |a Literaturverz. S. 142 - 156 | ||
| 583 | 1 | |a Archivierung prüfen |c 20240324 |f DE-4165 |z 2 |2 pdager | |
| 653 | 0 | |a Fornication |a Austria |a History | |
| 653 | 0 | |a Unmarried mothers |a Legal status, laws, etc |a Austria |a History | |
| 689 | 0 | 0 | |d g |0 (DE-588)4043271-3 |0 (DE-627)10420317X |0 (DE-576)209054964 |a Österreich |2 gnd |
| 689 | 0 | 1 | |d s |0 (DE-588)4197581-9 |0 (DE-627)105195383 |0 (DE-576)210116242 |a Nichteheliche Mutter |2 gnd |
| 689 | 0 | 2 | |d s |0 (DE-588)4197580-7 |0 (DE-627)105195391 |0 (DE-576)210116234 |a Unzucht |2 gnd |
| 689 | 0 | 3 | |d s |0 (DE-588)4115591-9 |0 (DE-627)105813117 |0 (DE-576)209494530 |a Polizeirecht |2 gnd |
| 689 | 0 | 4 | |a z |2 gnd |a Geschichte 1500-1800 |
| 689 | 0 | |5 DE-101 | |
| 830 | 0 | |a Schriften zur Rechtsgeschichte |v 42 |9 42 |w (DE-627)168216531 |w (DE-576)015953203 |w (DE-600)704010-6 |x 0720-7379 |7 am | |
| 856 | 4 | 2 | |u https://swbplus.bsz-bw.de/bsz014178354vlg.htm |m V:DE-576 |v 2006-08-08 |3 Inhaltstext |7 1 |
| 889 | |w (DE-627)025624555 | ||
| 935 | |i mdedup | ||
| 935 | |i Blocktest | ||
| 936 | r | v | |a PW 8200 |b Österreich |k Rechtswissenschaft |k Deutsche und ausländische Rechtsgeschichte |k Rechtsgeschichte der deutschen Länder |k Österreich |0 (DE-627)1271294087 |0 (DE-625)rvk/140950: |0 (DE-576)201294087 |
| 936 | r | v | |a PW 4200 |b Reden, Vorträge (falls nicht sachlich aufgestellt wird, kann PC 4750 gewählt werden); Tagungs- und Kongressberichte, Sammelwerke, auch zur ausländischen Rechtsgeschichte |k Rechtswissenschaft |k Deutsche und ausländische Rechtsgeschichte |k Darstellungen zur deutschen Rechtsgeschichte(PW 4200 auch für ausländische Rechtsgeschichte) |k Reden, Vorträge (falls nicht sachlich aufgestellt wird, kann PC 4750 gewählt werden); Tagungs- und Kongressberichte, Sammelwerke, auch zur ausländischen Rechtsgeschichte |0 (DE-627)127151172X |0 (DE-625)rvk/140920: |0 (DE-576)20151172X |
| 936 | r | v | |a LB 44160 |b Österreich |k Sozial- und Kulturanthropologie. Empirische Kulturwissenschaft |k Soziale und politische Organisation und Praxis |k Ethnologische Geschlechter- und Sexualitätsforschung |k Europa |k Mitteleuropa |k Alpenregion |k Österreich |0 (DE-627)1271617153 |0 (DE-625)rvk/90559:821 |0 (DE-576)201617153 |
| 936 | r | v | |a LB 79160 |b Österreich |k Sozial- und Kulturanthropologie. Empirische Kulturwissenschaft |k Rechtsethnologie |k Einzelne Rechte, Rechtssymbole und Rechtsbräuche |k Europa |k Mitteleuropa |k Alpenregion |k Österreich |0 (DE-627)1271576066 |0 (DE-625)rvk/90597:821 |0 (DE-576)201576066 |
| 951 | |a BO | ||
| ELC | |b 1 | ||
| LOK | |0 000 xxxxxcx a22 zn 4500 | ||
| LOK | |0 001 3292979498 | ||
| LOK | |0 003 DE-627 | ||
| LOK | |0 004 272324523 | ||
| LOK | |0 005 20161109134437 | ||
| LOK | |0 008 930809||||||||||||||||ger||||||| | ||
| LOK | |0 040 |a DE-21-110 |c DE-627 |d DE-21-110 | ||
| LOK | |0 689 |a s |a Nichtehelichkeit | ||
| LOK | |0 689 |a s |a Unzuchtgesetzgebung | ||
| LOK | |0 689 |a s |a Prostitution | ||
| LOK | |0 689 |a s |a Kirche | ||
| LOK | |0 689 |a s |a Sexualität | ||
| LOK | |0 689 |a s |a Kirchenbußen | ||
| LOK | |0 689 |a s |a Sexualmoral | ||
| LOK | |0 689 |a s |a Sexualstrafrecht | ||
| LOK | |0 689 |a s |a Ehebruch | ||
| LOK | |0 852 |a DE-21-110 | ||
| LOK | |0 852 1 |c F VII 84 |m p |9 00 | ||
| LOK | |0 935 |a k110 | ||
| LOK | |0 936ln |a 2.3 | ||
| LOK | |0 938 |k p | ||
| LOK | |0 939 |a 09-08-93 |b l01 | ||
| ORI | |a SA-MARC-krimdoka001.raw | ||
| SIG | |a IFK: F VII 84 | ||
| TIM | |a 100015000101_100018001231 |b Geschichte 1500-1800 | ||
